Central Library OPAC University of Rajshahi

Diagnosis of our time : (Record no. 33209)

MARC details
000 -LEADER
fixed length control field 01149nam a2200313 a 4500
001 - CONTROL NUMBER
control field 33209
003 - CONTROL NUMBER IDENTIFIER
rucl marc code BD-RjUL
005 - DATE AND TIME OF LATEST TRANSACTION
control field 20211209051951.0
008 - FIXED-LENGTH DATA ELEMENTS--GENERAL INFORMATION
fixed length control field 140430r19661943nyu 001 0 eng
035 ## - SYSTEM CONTROL NUMBER
System control number (BD-RjUL)33300
040 ## - CATALOGING SOURCE
Original cataloging agency DLC
Transcribing agency DLC
Modifying agency BD-RjUL
Language of cataloging eng
041 ## - LANGUAGE CODE
Language code of text/sound track or separate title eng
082 00 - DEWEY DECIMAL CLASSIFICATION NUMBER
Classification number 301
Edition number 19
Author mark and year MAD 1966
100 1# - MAIN ENTRY--PERSONAL NAME
Personal name Mannheim, Karl
Dates associated with a name 1893-1947.
9 (RLIN) 141
245 10 - TITLE STATEMENT
Title Diagnosis of our time :
Remainder of title wartime essays of a sociologist /
Statement of responsibility, etc. Karl Mannheim.
260 ## - PUBLICATION, DISTRIBUTION, ETC. (IMPRINT)
Place of publication, distribution, etc. London :
Name of publisher, distributor, etc. Routledge,
Date of publication, distribution, etc. 1943 [reprint 1966].
300 ## - PHYSICAL DESCRIPTION
Pagination xi, 180 p. ;
Size 22 cm.
490 1# - SERIES STATEMENT
Series statement International library of sociology and social reconstruction
500 ## - GENERAL NOTE
General note Reprint. Originally published: London : Routledge & Kegan Paul, 1943. (International library of sociology and social reconstruction)
504 ## - BIBLIOGRAPHY, ETC. NOTE
Bibliography, etc Includes indexes.
650 #0 - SUBJECT ADDED ENTRY--TOPICAL TERM
Topical term or geographic name as entry element Sociology.
9 (RLIN) 100855
Topical term or geographic name as entry element Educational sociology.
9 (RLIN) 100856
Topical term or geographic name as entry element Religion and sociology.
9 (RLIN) 5230
Topical term or geographic name as entry element Social history
Chronological subdivision 20th century.
9 (RLIN) 16899
830 #0 - SERIES ADDED ENTRY--UNIFORM TITLE
Uniform title International library of sociology and social reconstruction
942 ## - ADDED ENTRY ELEMENTS (KOHA)
Source of classification or shelving scheme Dewey Decimal Classification
Koha item type Books
Holdings
Lost status Source of classification or shelving scheme Damaged status Not for loan Collection code Permanent Location Current Location Shelving location Date acquired Source of acquisition Cost, normal purchase price Total Checkouts Full call number Date last seen Copy number Koha item type
  Dewey Decimal Classification   Not For Loan Non-fiction Central Library, University of Rajshahi Central Library, University of Rajshahi Reading Room 08/02/1955 M. B. P. Dacca 55.00   301 MAD 1966 30/04/2014 C-1 Books
  Dewey Decimal Classification     Non-fiction Central Library, University of Rajshahi Central Library, University of Rajshahi   08/02/1955 M.B. P. Dhaka 55.00   301 MAD 1954 21/05/2014 C-2 Books
  Dewey Decimal Classification     Non-fiction Central Library, University of Rajshahi Central Library, University of Rajshahi   28/06/1965 Euro Pak 14.62   301 MAD 1962 21/05/2014 C-3 Books
  Dewey Decimal Classification     Non-fiction Central Library, University of Rajshahi Central Library, University of Rajshahi   28/06/1965 Euro Pak 14.62   301 MAD 1962 21/05/2014 C-4 Books